Fußball WM Teilnehmer? #5 - Statistiken

Allgemein
  • Dieses Quiz wurde 495 mal gespielt
    145 seit der letzten Aktualisierung
  • Das Durchschnittsergebnis liegt bei 13 aus 15
Antwortstatistiken
Hint Antwort % Korrekt
Uruguay Ja
97%
Niederlande Ja
97%
Brasilien Ja
96%
Kroatien Ja
96%
Malediven Nein
95%
Sierra Leone Nein
95%
Singapur Nein
93%
Taiwan Nein
91%
Bahamas Nein
90%
Madagaskar Nein
89%
Mongolei Nein
88%
Zentralafrikanische Republik Nein
85%
Tansania Nein
84%
Liberia Nein
74%
Usbekistan Ja
22%
Keine übereinstimmenden Quizze gefunden
Verteilung der Resultate
Anzahl Personen mit jedem Resultat
Perzentil nach korrekt beantworteten Fragen
Ihre Resultats-Entwicklung
Sie haben dieses Quiz seit der letzten Aktualisierung nicht gespielt